Random Bfdi - Statistics

General Stats
  • This quiz has been taken 66 times
  • The average score is 20 of 25
Answer Stats
Hint Answer % Correct
Host of BFDI Announcer
98%
1st/Winner of BFB Flower
98%
Host of BFDI/BFDIA Firey Speaker Box
94%
Host of BFDI Flower Speaker Box
94%
Host of BFDIA Puffball Speaker Box
94%
Host of BFB 4
92%
4th Place of BFB Leafy
92%
Host of TPOT 2
90%
Host Of BFB X
90%
Host Of BFB Donut
86%
What was season 3 Called IDFB
80%
everybody loves him Loser
80%
TPOT Debure Winner
80%
Ad Contestant Yellow Face
80%
2nd place of BFB Gelatin
78%
TPOT Debure Price Tag
78%
3rd place of BFB Teardrop
78%
BFDI Debure David
76%
5th Place of BFB Lollipop
76%
has a evil version of herself EviL Leafy
74%
Barfing Contestent Rocky
68%
Host of BFDIA TV
68%
Which BFB episode was the 1Vote difference BFB 22
54%
Host Of BFB Purple Face
50%
6th Place of BFB Bubble
38%
No matching quizzes found
Score Distribution
Percent of People with Each Score
Percentile by Number Answered
Your Score History
You have not taken this quiz